00370nam a2200121Ia 4500008004100000082001000041100003400051245004100085600002000126630004100146700002000187730004100207090122s9999 xx 000 0 und d b10095 aठाकूरbअजित aद दा विंची कोड aठाकूर aद दा विंची कोड aठाकूर aद दा विंची कोड